Normal view MARC view

Entry Personal Name

Number of records used in: 1

001 - CONTROL NUMBER

  • control field: 1238067

003 - CONTROL NUMBER IDENTIFIER

  • control field: OSt

005 - DATE AND TIME OF LATEST TRANSACTION

  • control field: 20260430150633.0

008 - FIXED-LENGTH DATA ELEMENTS

  • fixed length control field: 260430|| aca||aabn | a|a d

040 ## - CATALOGING SOURCE

  • Original cataloging agency: OSt
  • Transcribing agency: OSt

100 ## - HEADING--PERSONAL NAME

  • Personal name: Bohot Monika Au.; Chakrabarti Rina Gu.; Purohit J. S. Gu.; Chaturvedi M. M. Gu

670 ## - SOURCE DATA FOUND

  • Source citation: Work cat.: (OSt)1850269: Bohot Monika Au.; Chakrabarti Rina Gu.; Purohit J. S. Gu.; Chaturvedi M. M. Gu., Identification of the Histone H2A Specific Protease (H2Aase) and Exploring the Interacting Proteins in Chicken Liver Nuclear Extract, 2023
Copyright @ Delhi University Library System